00414pab a2200145 454500008004000000100002000040245006500060260000900125300001300134362001200147650001500159650003600174650001200210773004600222180718b1997 xxu||||| |||| 00| 0 eng d aRoy, Tirthankar aCapitalism and community: a study of the Madurai Sourashtras c1997 ap.437-63 aOct-Dec aCapitalism aEconomic and social development aHistory aIndian Economic and Social History Review